Govt. of
Madhya Pradesh

India Wrests Freedom (Record no. 6939)

MARC details
000 -LEADER
fixed length control field 004560000a22001810004500
003 - CONTROL NUMBER IDENTIFIER
control field MACL
005 - DATE AND TIME OF LATEST TRANSACTION
control field 20151018163730.0
008 - FIXED-LENGTH DATA ELEMENTS--GENERAL INFORMATION
fixed length control field 151018b xxu||||| |||| 00| 0 eng d
040 ## - CATALOGING SOURCE
Original cataloging agency MACL
Transcribing agency MACL
041 ## - LANGUAGE CODE
Language code of text/sound track or separate title English
082 ## - DEWEY DECIMAL CLASSIFICATION NUMBER
Classification number 954/GUP
100 ## - MAIN ENTRY--PERSONAL NAME
Personal name Samsad, Sahitya
9 (RLIN) 12809
245 ## - TITLE STATEMENT
Title India Wrests Freedom
Remainder of title Subodh Chandra sen Gupta
260 ## - PUBLICATION, DISTRIBUTION, ETC. (IMPRINT)
Name of publisher, distributor, etc. Sahitya Akademi
Date of publication, distribution, etc. 1982
Place of publication, distribution, etc. Calcutta
350 ## - PRICE (NR) (BK AM CF MU VM SE) [OBSOLETE]
Price 70
650 ## - SUBJECT ADDED ENTRY--TOPICAL TERM
Topical term or geographic name as entry element History
9 (RLIN) 15964
942 ## - ADDED ENTRY ELEMENTS (KOHA)
Koha item type Books
Call number prefix 954
Source of classification or shelving scheme
Holdings
Withdrawn status Lost status Source of classification or shelving scheme Damaged status Not for loan Home library Current library Date acquired Cost, normal purchase price Total Checkouts Full call number Barcode Date last seen Uniform Resource Identifier Price effective from Koha item type
          MACL MACL 15/04/2015 70.00   954/GUP CRE002995 02/05/2024 6875 15/04/2015 Books